Calidad del cuidado de enfermeria a embarazadas en el area de Urgencias en una clinica de alta complejidad bajo el enfoque de la teoria de los cuidados d SWANSON cartagena colombia 2018 / (Registro nro. 4031)

Detalles MARC
000 -LEADER
fixed length control field 01634nam a2200265 4500
001 - CONTROL NUMBER
control field 0000076094
005 - DATE AND TIME OF LATEST TRANSACTION
control field 20250329165434.0
008 - FIXED-LENGTH DATA ELEMENTS--GENERAL INFORMATION
fixed length control field 190415s2019 000 0 eng d
040 ## - CATALOGING SOURCE
Original cataloging agency CO-CtgCURN
Language of cataloging spa
Transcribing agency coctgcurn
082 0# - DEWEY DECIMAL CLASSIFICATION NUMBER
Classification number ENF 2019
Item number D338
100 1# - MAIN ENTRY--PERSONAL NAME
Personal name Daza Mendoza, Loraine.
245 10 - TITLE STATEMENT
Title Calidad del cuidado de enfermeria a embarazadas en el area de Urgencias en una clinica de alta complejidad bajo el enfoque de la teoria de los cuidados d SWANSON cartagena colombia 2018 /
Statement of responsibility, etc. Bileydis Ramos Zuñiga; Angela Taborda castro; Luz Delgado Lara.
260 ## - PUBLICATION, DISTRIBUTION, ETC.
Place of publication, distribution, etc. Cartagena de Indias :
Name of publisher, distributor, etc. Corporación Universitaria Rafael Núñez,
Date of publication, distribution, etc. 2019.
504 ## - BIBLIOGRAPHY, ETC. NOTE
Bibliography, etc. note Trabajo de grado (Enfermeria). Corporación Universitaria Rafael Nuñez. Facultad de Ciencias de la salud. Enfermeria, 2019.
520 ## - SUMMARY, ETC.
Summary, etc. Se considera la salud como un derecho humano esencial, es por esta razón que amerita ser garantizado. Al respecto, la Organización Mundial de la Salud (OMS) reconoce que los componentes centrales y estructurantes de dicho derecho corresponden a la disponibilidad, la accesibilidad.
650 #0 - SUBJECT ADDED ENTRY--TOPICAL TERM
Topical term or geographic name entry element Enfermeria
Form subdivision Tesis y disertaciones academicas.
700 1# - ADDED ENTRY--PERSONAL NAME
Personal name Ramos Zuñiga, Bileydis.
700 1# - ADDED ENTRY--PERSONAL NAME
Personal name Daza Mendoza, Loraine.
700 1# - ADDED ENTRY--PERSONAL NAME
Personal name Taborda Castro, Angela.
700 1# - ADDED ENTRY--PERSONAL NAME
Personal name Delgado, Lara Luz.
700 1# - ADDED ENTRY--PERSONAL NAME
Personal name Barrios Puerta, Zorayda
-- Asesor.
856 ## - ELECTRONIC LOCATION AND ACCESS
Uniform Resource Identifier <a href="https://unicurn.sharepoint.com/:b:/s/biblioteca/EUsPyqgJvyJOoFYyPREOMRQBNMXF8NZX4wHBxSDx26CGGg?e=DFl5X0">https://unicurn.sharepoint.com/:b:/s/biblioteca/EUsPyqgJvyJOoFYyPREOMRQBNMXF8NZX4wHBxSDx26CGGg?e=DFl5X0</a>
Public note Click aqui para ver el recurso en texto completo
942 ## - ADDED ENTRY ELEMENTS (KOHA)
Source of classification or shelving scheme Dewey Decimal Classification
Koha item type Trabajos de grado
Classification part ENF 2019
Item part D338
Existencias
Withdrawn status Lost status Source of classification or shelving scheme Damaged status Not for loan Collection Home library Current library Shelving location Date acquired Source of acquisition Cost, normal purchase price Inventory number Total checkouts Full call number Barcode Date last seen Price effective from Koha item type
    Dewey Decimal Classification     Trabajos de grado Miguel Henríquez Emiliani Miguel Henríquez Emiliani Trabajo de grado 06/01/2019 El autor 350000.00 022568   ENF 2019 D338 022568 04/15/2019 04/15/2019 Trabajos de grado